Ochrana prírody a krajiny Sankcie za protiprávne konanie
Zákon Národnej rady SR č.287/1994 Z.z. o ochrane prírody a krajiny. Priblíženie časti zákona, ktorá upravuje otázky týkajúce sa postihu právnických a fyzických osôb oprávnených na podnikanie v súvislosti s ich zodpovednosťou za porušenie povinností na úseku ochrany prírody a krajiny. Protiprávne kon...
Enregistré dans:
| Auteur principal: | |
|---|---|
| Format: | Chapitre de livre |
| Langue: | slovaque |
| Sujets: | |
| Tags: |
Pas de tags, Soyez le premier à ajouter un tag!
|
MARC
| LEADER | 00000naa a2200000 4500 | ||
|---|---|---|---|
| 001 | r017215 | ||
| 005 | 20221213100523.3 | ||
| 041 | 0 | |a slo | |
| 044 | |a SK | ||
| 245 | 1 | 0 | |a Ochrana prírody a krajiny |b Sankcie za protiprávne konanie |c J. Roháč |
| 520 | |a Zákon Národnej rady SR č.287/1994 Z.z. o ochrane prírody a krajiny. Priblíženie časti zákona, ktorá upravuje otázky týkajúce sa postihu právnických a fyzických osôb oprávnených na podnikanie v súvislosti s ich zodpovednosťou za porušenie povinností na úseku ochrany prírody a krajiny. Protiprávne konania, za ktoré môže Úrad životného prostredia uložiť pokuty právnickej alebo fyzickej osobe oprávnenej na podnikanie. Ukladanie pokút. | ||
| 610 | 2 | 0 | |a podnikanie |
| 610 | 2 | 0 | |a osoby fyzické |
| 610 | 2 | 0 | |a osoby právnické |
| 610 | 2 | 0 | |a ochrana prírody |
| 610 | 2 | 0 | |a zodpovednosť právna |
| 610 | 2 | 0 | |a sankcie |
| 610 | 2 | 0 | |a pokuty |
| 610 | 2 | 0 | |a zákony |
| 610 | 2 | 0 | |a 1994 |
| 610 | 2 | 0 | |a Slovensko |
| 100 | 1 | |a Roháč, J. | |